logo

Bir Sreshtho Munshi Abdur Rouf Library
Jhenaidah Cadet College

Don't say yes when you want to say no / (Record no. 14099)

MARC details
000 -LEADER
fixed length control field 00974cim a2200301 a 4500
001 - CONTROL NUMBER
JCCL Control Number 14099
003 - CONTROL NUMBER IDENTIFIER
JCCL marc code BD-JhCC
005 - DATE AND TIME OF LATEST TRANSACTION
control field 20241209123427.0
008 - FIXED-LENGTH DATA ELEMENTS--GENERAL INFORMATION
fixed length control field 920219s1989 caunnn z l eng
020 ## - INTERNATIONAL STANDARD BOOK NUMBER
Terms of availability $9.95
035 ## - SYSTEM CONTROL NUMBER
system control number (BD-JhCC)14099
040 ## - CATALOGING SOURCE
Original cataloging agency DLC
Transcribing agency DLC
Modifying agency DLC
041 ## - LANGUAGE CODE
Language code of Book eng
050 10 - LIBRARY OF CONGRESS CALL NUMBER
Classification number BF575.A85
050 00 - LIBRARY OF CONGRESS CALL NUMBER
Classification number RZA 1854
082 ## - DEWEY DECIMAL CLASSIFICATION NUMBER
Classification number 153.1
Author mark and Year FEN 1989
100 1# - MAIN ENTRY--PERSONAL NAME
Personal name Fensterheim, Herbert,
Dates associated with a name 1921-
245 10 - TITLE STATEMENT
Title Don't say yes when you want to say no /
Statement of responsibility, etc Herbert Fensterheim and Jean Baer.
260 ## - PUBLICATION, DISTRIBUTION, ETC. (IMPRINT)
Place of publication, distribution, etc Los Angeles, CA :
Name of publisher, distributor, etc Audio Renaissance Tapes ;
Place of publication, distribution, etc New York :
Name of publisher, distributor, etc Distributed by St. Martin's Press,
Date of publication, distribution, etc p1989.
300 ## - PHYSICAL DESCRIPTION
Pagination 275 p. :
Accompanying material 16 cm
500 ## - GENERAL NOTE
General note An audio presentation of the book.
500 ## - GENERAL NOTE
General note In container (18 cm.).
650 #0 - SUBJECT ADDED ENTRY--TOPICAL TERM
Topical term or geographic name as entry element Assertiveness training.
650 #0 - SUBJECT ADDED ENTRY--TOPICAL TERM
Topical term or geographic name as entry element Behavior modification.
700 1# - ADDED ENTRY--PERSONAL NAME
Personal name Baer, Jean
Dates associated with a name 1926-
856 42 - ELECTRONIC LOCATION AND ACCESS
Materials specified Publisher description
Uniform Resource Identifier http://www.loc.gov/catdir/description/hol042/92788051.html
942 ## - ADDED ENTRY ELEMENTS (KOHA)
Source of classification or shelving scheme Dewey Decimal Classification
Koha item type Books
Holdings
Source of classification or shelving scheme Damaged status Not for loan Home library Current library Shelving location Date of accession Source of acquisition Total Checkouts Full call number Barcode Date last seen Copy number Method of acquisition Koha item type Currency
Dewey Decimal Classification     JCC Rouf Library JCC Rouf Library General Stacks   With the compliments of Maj (Retd) Syed Sakhawat Hussain,07/0388/K   153.1 FEN 1989 19799 12/09/2024 C-1 Gift/Donation Books BDT

JCC Library | Contacts | JCC Home

Last Update on 23 September 2017
Copyright @ 2017-2020 JCC Rouf Library
Rouf Library, Jhenidah Cadet College (JCC), Bangladesh